Computing mechanisms and linkages /

Guardado en:
Autor Principal: Svoboda, Antonín.
Autor Corporativo: Office of Scientific Research and Development.
Otros Autores: James, Hubert M. (Editor )
Formato: Libro
Idioma:English
Publicado: New York : McGraw-Hill, 1948.
Series:Massachusetts Institute of Technology, Radiation Laboratory Series ; 27
Etiquetas: Agregar Etiqueta
Sin Etiquetas, Sea el primero en etiquetar este registro!
LEADER 00737nam a22001815a 4500
001 MAT.inmabb000799
008 031119s1948####nyu###########001#0#eng#d
005 20170804114427.0
245 1 0 |a Computing mechanisms and linkages /  |c by Antonín Svoboda ; edited by Hubert M. James ; Office of Scientific Research and Development, National Defense Research Committee. 
260 |a New York :  |b McGraw-Hill,  |c 1948. 
300 |a xii, 359 p. 
440 0 |a Massachusetts Institute of Technology, Radiation Laboratory Series ;  |v 27 
510 4 |a MR,  |c MR0023602 
100 1 |a Svoboda, Antonín. 
700 1 |a James, Hubert M.  |4 edt 
710 2 |a Office of Scientific Research and Development. 
084 |a 65-XX  |2 msc2000 
859 |h 65  |i Sv969  |p A-609  |b BIB. MATEMATICA